Concise dictionary of library and information science
Αποθηκεύτηκε σε:
| Κύριος συγγραφέας: | |
|---|---|
| Μορφή: | Βιβλίο |
| Γλώσσα: | English |
| Δημοσίευση: |
London :
Bowker-Saur,
c1996
|
| Θέματα: | |
| Ετικέτες: |
Προσθήκη ετικέτας
Δεν υπάρχουν, Καταχωρήστε ετικέτα πρώτοι!
|
MARC
| LEADER | 00000nam a2200000 i 4500 | ||
|---|---|---|---|
| 001 | 1/82154 | ||
| 008 | 990521s1996 eng d | ||
| 020 | |a 1-85739-022-9 | ||
| 035 | |l 10051026 | ||
| 040 | |a GR-MY-UA |b gre |e aacr | ||
| 041 | 0 | |a eng | |
| 082 | 0 | |a 020.3 | |
| 100 | 1 | |a Keenan, Stella. | |
| 245 | 1 | 0 | |a Concise dictionary of library and information science / |c Stella Keenan |
| 260 | |a London : |b Bowker-Saur, |c c1996 | ||
| 300 | |a 211 p. | ||
| 504 | |a Includes bibliographical references and index | ||
| 650 | 0 | 0 | |a Library science |x Dictionaries. |
| 650 | 0 | 0 | |a Information science |x Dictionaries. |
| 852 | |a INST |b LESVOS |e 19990521 |h 020.3 KEE |p 005100016111 |q 005100016111 |t REF |y 23 | ||
| 901 | |a BIBL1-1999-2 | ||
| 909 | |a Λ |b 062288 | ||
| 922 | |a 1ΕΛΗ |b 199812 |c ΚΠΣ/ΚΥΒ |d LEADER | ||
| 950 | |a 023-1998-09-14 | ||